United States trade with Puerto Rico and with United States Passassions Ft. 800

Guardado en:
Detalles Bibliográficos
Formato: Seriadas
Lenguaje:inglés
Publicado: Washington U.S. Department of Commerce
Etiquetas: Agregar Etiqueta
Sin Etiquetas, Sea el primero en etiquetar este registro!

MARC

LEADER 00000nas1a2200000$$$4500
001 0010779
005 20250730114819.9
041 0 |a eng 
044 |a US 
245 1 0 |a United States trade with Puerto Rico and with United States Passassions  |b Ft. 800 
264 1 |a Washington  |b U.S. Department of Commerce